Extensions : (Record no. 14883)
[ view plain ]
| 000 -LEADER | |
|---|---|
| fixed length control field | 01070pam a2200289 a 4500 |
| 001 - CONTROL NUMBER | |
| control field | 2961744 |
| 005 - DATE AND TIME OF LATEST TRANSACTION | |
| control field | 20170105102906.0 |
| 008 - FIXED-LENGTH DATA ELEMENTS--GENERAL INFORMATION | |
| fixed length control field | 911008s1992 nyu b s001 0 eng |
| 010 ## - LIBRARY OF CONGRESS CONTROL NUMBER | |
| LC control number | 91038857 |
| 020 ## - INTERNATIONAL STANDARD BOOK NUMBER | |
| International Standard Book Number | 0791411915 (alk. paper) |
| 020 ## - INTERNATIONAL STANDARD BOOK NUMBER | |
| International Standard Book Number | 0791411923 (pbk. : alk. paper) |
| 040 ## - CATALOGING SOURCE | |
| Original cataloging agency | DLC |
| Transcribing agency | DLC |
| Modifying agency | DLC |
| 050 00 - LIBRARY OF CONGRESS CALL NUMBER | |
| Classification number | B72 |
| Item number | .W38 1992 |
| 082 00 - DEWEY DECIMAL CLASSIFICATION NUMBER | |
| Classification number | 100 |
| Edition number | 20 |
| 100 1# - MAIN ENTRY--PERSONAL NAME | |
| Personal name | Watson, Stephen H., |
| Dates associated with a name | 1951- |
| 245 10 - TITLE STATEMENT | |
| Title | Extensions : |
| Remainder of title | essays on interpretation, rationality, and the closure of modernism / |
| Statement of responsibility, etc. | Stephen H. Watson. |
| 260 ## - PUBLICATION, DISTRIBUTION, ETC. | |
| Place of publication, distribution, etc. | Albany : |
| Name of publisher, distributor, etc. | State University of New York Press, |
| Date of publication, distribution, etc. | c1992. |
| 300 ## - PHYSICAL DESCRIPTION | |
| Extent | viii, 347 p. ; |
| Dimensions | 24 cm. |
| 440 #0 - SERIES STATEMENT/ADDED ENTRY--TITLE | |
| Title | SUNY series in contemporary continental philosophy |
| 504 ## - BIBLIOGRAPHY, ETC. NOTE | |
| Bibliography, etc. note | Includes bibliographical references (p. [261]-342) and index. |
| 650 #0 - SUBJECT ADDED ENTRY--TOPICAL TERM | |
| Topical term or geographic name entry element | Philosophy. |
| 650 #0 - SUBJECT ADDED ENTRY--TOPICAL TERM | |
| Topical term or geographic name entry element | Hermeneutics. |
| 650 #0 - SUBJECT ADDED ENTRY--TOPICAL TERM | |
| Topical term or geographic name entry element | Methodology. |
| 906 ## - LOCAL DATA ELEMENT F, LDF (RLIN) | |
| a | 7 |
| b | cbc |
| c | orignew |
| d | 1 |
| e | ocip |
| f | 19 |
| g | y-gencatlg |
| 942 ## - ADDED ENTRY ELEMENTS (KOHA) | |
| Source of classification or shelving scheme | |
| Koha item type | Book |
| Withdrawn status | Lost status | Damaged status | Not for loan | Collection code | Permanent Location | Current Location | Shelving location | Date acquired | Total Checkouts | Full call number | Barcode | Date last seen | Price effective from | Koha item type |
|---|---|---|---|---|---|---|---|---|---|---|---|---|---|---|
| Centre for International Peace & Stability (CIPS) | Centre for International Peace & Stability (CIPS) | General Stacks | 10/01/2013 | 100 WAT 1992 | CIPS0001235 | 10/24/2013 | 10/24/2013 | Book |
